La estructura financiera de las comarcas

Detalles Bibliográficos
Autor principal: Miras Marn̕, Norberto
Formato: Libro
Lenguaje:español
Publicado: Madrid: Dykinson, 2019
Materias:
Acceso en línea:Acceso restringido

MARC

LEADER 00000nam a22000007a 4500
005 2019103105295.0
007 cr|||| ||||
008 191031s2019 es |||||||||| 00||0 spa d
020 |a 978-84-1324-409-9 
035 |a 30612 
040 |a vLex 
090 |c 9989  |d 9989 
100 1 |a Miras Marn̕, Norberto 
245 1 2 |a La estructura financiera de las comarcas  |h [Recurso electrn̤ico] /  |c Norberto Miras Marn̕ 
256 |a Servicio en ln̕ea 
260 |a Madrid:  |b Dykinson,  |c 2019 
300 |a 1 recurso electrn̤ico 
500 |a En esta obra se desarrollan los aspectos ms̀ relevantes de la actividad financiera de las comarcas. Se encuentra estructurada en cuatro capt̕ulos, en los que se analizan con detalle los recursos financieros de las comarcas, las facultades de gestin̤, recaudacin̤ e inspeccin̤ de tributos de las mismas, y, por l︢timo, se aborda, la elaboracin̤ y control del presupuesto comarcal. Este libro concierta la exposicin̤ integral de la materia con su tratamiento sintťico, otorgando un cuidado preferente en la explicacin̤ de los elementos esenciales de las instituciones, con el estudio de los principios generales que presiden la ordenacin̤ de los distintos instrumentos financieros de los entes comarcales. El estudio dogmt̀ico de la legislacin̤ vigente se ha realizado teniendo siempre presentes las interpretaciones jurisprudenciales. Est ̀dirigido a aquellas personas interesadas en la regulacin̤ comarcal, tanto tčnicos como investigadores y, en general, a todos aquellos que deseen un mayor conocimiento en una materia poco tratada, como es la configuracin̤ financiera de los entes comarcales. 
506 1 |a Disponible solo en los productos indicados  |d vLex Global  |d vLex Global (Academic Edition, excluding Law Schools)  |d vLex Global (U.S. Academic Edition, Law Schools)  |d vLex Global (U.S. Academic Edition, excluding Law Schools)  |d vLex Global (Academic Edition, Law Schools) 
650 0 4 |a Derecho Tributario  |z Espaą 
650 0 4 |a Financiero  |z Espaą 
740 0 |a vLex Libros (Servicio en ln̕ea) 
856 4 0 |u http://vlex.com/source/estructura-financiera-de-las-comarcas-30612  |z Acceso restringido 
942 |c BOOK 
999 0 |a Tax Law 
999 0 |a Financial